Amp your MySpace page : essential tools for giving your profile an extreme makeover (Record no. 367911)

MARC details
000 -LEADER
fixed length control field 00746nam a2200241Ia 4500
008 - FIXED-LENGTH DATA ELEMENTS--GENERAL INFORMATION
fixed length control field 191130s2008##################000#0#eng##
020 ## - INTERNATIONAL STANDARD BOOK NUMBER
ISBN 9780071490726
082 ## - DEWEY DECIMAL CLASSIFICATION NUMBER
Classification number 006.7 BUT
100 ## - MAIN ENTRY--AUTHOR NAME
Personal name Butow, Eric
245 ## - TITLE STATEMENT
Title Amp your MySpace page : essential tools for giving your profile an extreme makeover
Statement of responsibility, etc Eric Butow, Michael Bellomo
260 ## - PUBLICATION, DISTRIBUTION, ETC. (IMPRINT)
Place of publication New York
Name of publisher McGraw Hill
Year of publication c2008
300 ## - PHYSICAL DESCRIPTION
Number of Pages xii, 292 p. : ill. ; 23 cm
500 ## - GENERAL NOTE
General note Includes index
650 ## - SUBJECT ADDED ENTRY--TOPICAL TERM
Topical Term MySpace.com
Topical Term Social networks - Computer network resources
Topical Term Web sites - Design
700 ## - ADDED ENTRY--PERSONAL NAME
Personal name Bellomo, Michael
991 ## -
-- 119409
Holdings
Withdrawn status Lost status Damaged status Not for loan Home library Current library Shelving location Date acquired Full call number Accession Number Price effective from Koha item type
        Anna Centenary Library Anna Centenary Library 3RD FLOOR, A WING 17.10.2020 006.7 BUT 487859 17.10.2020 English Books

Find us on the map